000 00599nam a2200205Ii 4500
001 3844
003 CO-ViMGA
008 241108s9999||||xx |||||||||||||| ||und||
040 _aCO-ViMGA
_bspa
_erda
_cCO-ViMGA
041 0 _aspa
082 0 4 _a368.4 E884
100 1 _aJorge Mario Eastman
_948807
245 1 0 _aUna política de seguridad social
264 1 _aBogotá, Colombia : República de Colombia, 1971
300 _avolumen
336 _atext
_btxt
_2rdacontent
337 _aunmediated
_bn
_2rdamedia
338 _avolume
_bnc
_2rdacarrier
940 _aidficha_siabuc: 3755. -- ficha_no_siabuc:3844
999 _c43449
_d43449